| 000 | 00425cam a2200157ua 4500 | ||
|---|---|---|---|
| 041 |
_aeng _h |
||
| 082 |
_a941 _bTRE/BR |
||
| 100 | _aTravelyan, Georgemaculy . | ||
| 245 |
_aBritish History in the ninteenth century and after,1782-1919 / _cGeorge maculy Travelyan. _hTextual Documents |
||
| 260 |
_a : _bLongmans , _c1964. |
||
| 300 | _a512 ; . | ||
| 504 | _a | ||
| 942 | _cBK | ||
| 999 |
_c683 _d683 |
||